| 000 | 00572cab a2200205 4500 | ||
|---|---|---|---|
| 001 | WB2337-02 | ||
| 008 | 090401t1987 xxu||||| |||| 00| 0 eng d | ||
| 035 | _a(Sirsi) u472 | ||
| 041 | _aeng | ||
| 245 | _aConstruction output down | ||
| 260 | _c1987 | ||
| 350 | _a0 | ||
| 490 |
_aDOE Information Bulletin _vNo 346, 11/9/87 (6) |
||
| 520 | _aContains output and employment statistics in the building industry for the second quarter 1987. | ||
| 650 | _aHOUSE BUILDING | ||
| 650 | _aNEW CONSTRUCTION | ||
| 690 | _aBUILT ENVIRONMENT | ||
| 942 | _n0 | ||
| 948 | _c04/03/1997 | ||
| 999 |
_c205 _d205 |
||